The universe and planet Earth

Bibliographic Details
Main Authors: Kleczek, Josip, 1923-2014 (Author), Jakeš, Petr, 1940-2005 (Author)
Format: Book
Language:English
PhysicalDescription:319 s. 30 cm
Published: London Octopus Books 1987
ISBN:7064 2919 2
Subjects:

MARC

LEADER 00000nam a2200000 a 4500
001 vtls001218091
003 SK-MaSNL
005 20260301234023.0
008 240318s1987 GB a 0 eng
020 |a 7064 2919 2  |c 150,00 
035 |a SNK000161474 
040 |a SNK  |b slo  |c SNK  |e AACR2 
044 |a GB 
080 |a 52  |2 1981 
100 1 |a Kleczek, Josip,  |d 1923-2014  |4 aut  |9 166850 
245 1 4 |a The universe and planet Earth  |c written by Josip Kleczek and Petr Jakeš ; translated by Stephen Finn ; illustrations by Theodor Rotrekl ... [et al.] 
260 |a London  |b Octopus Books  |c 1987  |e Martin  |f TSNP 
300 |a 319 s.  |c 30 cm 
650 0 7 |a vesmír  |2 SNKPH  |9 1770 
651 7 |a Zem (planéta)  |2 SNKPHgeo  |9 75616 
655 7 |a príručky  |2 SNKPH  |9 74364 
700 1 |a Jakeš, Petr,  |d 1940-2005  |4 aut  |9 103423 
919 |a 7064 2919 2 
958 |a OND 
999 |c 968643  |d 970573 
952 |t P60, <04>, [BOOK], {603}  |a SNK  |b SNK  |y VYP  |7 0  |p 17A0005791  |o snkIB 69558  |i snkK 770/96  |0 0  |1 0  |4 0  |d 1996-07-03  |l 0  |r 2005-01-01 00:00:00  |w 2026-02-24